00368nam a2200133Ia 45000010005000000080041000050820022000461000049000682450041001172600028001585900007001869010026001939990015002192130241024s9999 xx 000 0 und d aRD/378.7293/UN58l aUniversidad Autonoma de Santo Domingo (UASD) 0aLibro de graduandos, 1,769 egresados bEd. Universitariac2011 asi a1/3/2012 9:14:26 a.m. c8352d8352